00346nam a2200121Ia 4500008004100000100004300041245003900084260002700123300000900150650004300159942000700202999001500209190216s9999||||xx |||||||||||||| ||und|| aSusan K Baumann & Steven L Mandell 0aUnderstanding Pascal Turbo Version bA.G Publicationsc1990 a325p a"Computer Programming. Programs, Data" cBK c8407d8407